000 00379 a2200157 4500
001 13897
020 _a9788572083744
040 _cAnchieta - Aquarius
100 _aSilveira, Maria José
240 1 0 _a=Tendy e jã-jã e os dois mundos
_lpor
245 1 0 _a=Tendy e jã-jã e os dois mundos
300 _a54
362 0 _a2003
650 4 _aLiteratura brasileira
942 _cBK
999 _c13897
_d13897